<?xml version="1.0" encoding="UTF-8"?>
<record
    xmlns:xsi="http://www.w3.org/2001/XMLSchema-instance"
    xsi:schemaLocation="http://www.loc.gov/MARC21/slim http://www.loc.gov/standards/marcxml/schema/MARC21slim.xsd"
    xmlns="http://www.loc.gov/MARC21/slim">

  <leader>02251nam a2200289Ia 4500</leader>
  <controlfield tag="001">K0627</controlfield>
  <controlfield tag="003">IT-RoPAU</controlfield>
  <controlfield tag="008">130308s9999    xx            000 0 und d</controlfield>
  <datafield tag="040" ind1=" " ind2=" ">
    <subfield code="a">IT-RoPAU</subfield>
  </datafield>
  <datafield tag="040" ind1=" " ind2=" ">
    <subfield code="c">IT-RoPAU</subfield>
  </datafield>
  <datafield tag="041" ind1=" " ind2=" ">
    <subfield code="a">ITALIANO  </subfield>
  </datafield>
  <datafield tag="100" ind1=" " ind2=" ">
    <subfield code="a">Bovero Anna</subfield>
  </datafield>
  <datafield tag="100" ind1=" " ind2=" ">
    <subfield code="g">Codice Aut. SPICS:  8893</subfield>
  </datafield>
  <datafield tag="245" ind1=" " ind2=" ">
    <subfield code="a">Immagini dell'arte  italiana attraverso i secoli. Vol. IV</subfield>
  </datafield>
  <datafield tag="245" ind1=" " ind2=" ">
    <subfield code="b">Immagini dell'arte  Italiana Attraverso I Secoli. Vol. Iv                                                                                                  </subfield>
  </datafield>
  <datafield tag="250" ind1=" " ind2=" ">
    <subfield code="a">1a ed.</subfield>
  </datafield>
  <datafield tag="260" ind1=" " ind2=" ">
    <subfield code="a">TORINO</subfield>
  </datafield>
  <datafield tag="260" ind1=" " ind2=" ">
    <subfield code="b">UTET</subfield>
  </datafield>
  <datafield tag="260" ind1=" " ind2=" ">
    <subfield code="c">1965 [1&#xB0; Ed.:1965 - Ed.Ling.Originale:1965]</subfield>
  </datafield>
  <datafield tag="300" ind1=" " ind2=" ">
    <subfield code="a">"250 p. (prefazione: 8; testo: 242 [pagine: 0-0])"</subfield>
  </datafield>
  <datafield tag="500" ind1=" " ind2=" ">
    <subfield code="a">"Primo ventennio '500 tra Firenze e Roma: Michelangelo, Pieta'; Aspetti Arte a Firenze; Piero di Cosimo; Bramante a Roma; Pittura in Umbria inizi '500; Luca Signorelli; Raffaello; Fra Bartolomeo della Porta; Ambiente Artistico Romano; Volta Cappella Sisitina; Mose'; Baldassarre Peruzzi; Sodoma; Sansovino e Andrea del Sarto; Esordi manierismo toscano; Pontormo; Antonio da Sangallo; Ecc. Primo ventennio '500 a Venezia e Italia Settentrionale: Giambattista Cima; Jacopo De' Barbari; Bartolomeo Veneto; Giovanni Bellini; Giorgione; Lorenzo Lotto; Carpaccio e Andrea Briosco; cima da Cornegliano; Sebastiano del Piombo; Tiziano Vecellio; Giovanni Antonio da Pordenone; Pittura in Piemonte; Gian Martino Spanzotti; Defendente e Gaudenzio Ferrari; Bramantino; Ascendente di Leonardo Sui pittori Lombardi; Giovanni A. De Predis; Andrea Solario; Bernardino Luini; Cristoforo Solario; Correggio: Ecc. manierismo e Arte in Italia fino Alla Morte di Michelangelo: rosso fiorentino e Pontormo; Parmigianino; Arte a Ferrara Ai Tempi Ariosto; Aspetti manierismo a Siena; Antonio da Sangallo; Romanismo del Pordenone; Baldassarre Peruzzi; Girolamo Romanino; Moretto; Palma Il Vecchio; Gian Girolamo Savoldo; inizi del Tintoretto; Pietro Aretino; Bartolomeo Ammannati; Giorgio Vasari; Giovanni Antonio da Montorsoli; Benvenuto Cellini; Pierin del Vaga; Palladio An  D"</subfield>
  </datafield>
  <datafield tag="650" ind1=" " ind2=" ">
    <subfield code="a">ENCICLOPEDIE DELLE ARTI VISIVE</subfield>
  </datafield>
  <datafield tag="650" ind1=" " ind2=" ">
    <subfield code="e">Codice materia Spics: 5001</subfield>
  </datafield>
  <datafield tag="942" ind1=" " ind2=" ">
    <subfield code="c">BK</subfield>
  </datafield>
  <datafield tag="957" ind1=" " ind2=" ">
    <subfield code="7">1</subfield>
  </datafield>
  <datafield tag="999" ind1=" " ind2=" ">
    <subfield code="c">76947</subfield>
    <subfield code="d">76947</subfield>
  </datafield>
  <datafield tag="999" ind1=" " ind2=" ">
    <subfield code="g">1</subfield>
  </datafield>
  <datafield tag="952" ind1=" " ind2=" ">
    <subfield code="0">0</subfield>
    <subfield code="1">0</subfield>
    <subfield code="4">0</subfield>
    <subfield code="6">K_000000000000000_0627</subfield>
    <subfield code="7">1</subfield>
    <subfield code="a">SPICS</subfield>
    <subfield code="b">SPICS</subfield>
    <subfield code="d">2013-03-08</subfield>
    <subfield code="l">0</subfield>
    <subfield code="o">K0627</subfield>
    <subfield code="r">2013-03-08 00:00:00</subfield>
    <subfield code="w">2013-03-08</subfield>
    <subfield code="y">BK</subfield>
    <subfield code="z">Progressivo inserimento:  21274 /  N. Volumi: 1 Copie: 1  / data import: 1 marzo 2013 - By Epidotti, Trombetti, Vaglietti. </subfield>
  </datafield>
</record>
